000 00377nam a2200169Ia 4500
001 1178
003 IN-NITTTR
005 20251114232909.0
008 251113s9999||||xx |||||||||||||| ||eng||
040 _beng
040 _cIN-NITTTR
041 _aeng
082 _a378.1H95T
100 _aHusain, Zakir
245 4 _aThe dynamic university /
_cHusain, Zakir
942 _2ddc
_cBK
999 _c1282
_d1282